<?xml version="1.0" encoding="UTF-8"?>
<record
    xmlns:xsi="http://www.w3.org/2001/XMLSchema-instance"
    xsi:schemaLocation="http://www.loc.gov/MARC21/slim http://www.loc.gov/standards/marcxml/schema/MARC21slim.xsd"
    xmlns="http://www.loc.gov/MARC21/slim">

  <leader>00799cam a22002411  4500</leader>
  <controlfield tag="001">ne 68004629 </controlfield>
  <controlfield tag="003">DLC</controlfield>
  <controlfield tag="005">20260227111850.0</controlfield>
  <controlfield tag="008">901002m19671972ua       b    000 0 arar </controlfield>
  <datafield tag="010" ind1=" " ind2=" ">
    <subfield code="a">ne 68004629 </subfield>
  </datafield>
  <datafield tag="035" ind1=" " ind2=" ">
    <subfield code="a">(OCoLC)22461808</subfield>
  </datafield>
  <datafield tag="040" ind1=" " ind2=" ">
    <subfield code="a">DLC</subfield>
    <subfield code="c">WaU</subfield>
    <subfield code="d">WaU</subfield>
    <subfield code="d">DLC</subfield>
  </datafield>
  <datafield tag="050" ind1="0" ind2="0">
    <subfield code="a">LAW</subfield>
  </datafield>
  <datafield tag="100" ind1="1" ind2=" ">
    <subfield code="a">Nu&#x2BB;m&#x101;n ibn Mu&#x1E25;ammad, Ab&#x16B; &#x1E24;an&#x12B;fah,</subfield>
    <subfield code="d">-974.</subfield>
  </datafield>
  <datafield tag="245" ind1="1" ind2="0">
    <subfield code="a">Ta&#x2BC;w&#x12B;l al-Da&#x2BB;&#x101;&#x2BC;im,</subfield>
    <subfield code="c">ta&#x2BC;l&#x12B;f al-Nu&#x2BB;m&#x101;n ibn Mu&#x1E25;ammad. Ta&#x1E25;q&#x12B;q Mu&#x1E25;ammad &#x1E24;asan al-A&#x2BB;&#x1E93;am&#x12B;.</subfield>
  </datafield>
  <datafield tag="260" ind1=" " ind2=" ">
    <subfield code="a">[Mi&#x1E63;r,</subfield>
    <subfield code="b">D&#x101;r al-Ma&#x2BB;&#x101;rif</subfield>
    <subfield code="c">1967-1972]</subfield>
  </datafield>
  <datafield tag="300" ind1=" " ind2=" ">
    <subfield code="a">3 v.</subfield>
    <subfield code="c">24 cm.</subfield>
  </datafield>
  <datafield tag="500" ind1=" " ind2=" ">
    <subfield code="a">A guide to the understanding of the author's Da&#x2BB;&#x101;&#x2BC;im al-Isl&#x101;m.</subfield>
  </datafield>
  <datafield tag="504" ind1=" " ind2=" ">
    <subfield code="a">Bibliographical footnotes.</subfield>
  </datafield>
  <datafield tag="650" ind1=" " ind2="0">
    <subfield code="a">Islamic law.</subfield>
  </datafield>
  <datafield tag="650" ind1=" " ind2="0">
    <subfield code="a">Shiites.</subfield>
  </datafield>
  <datafield tag="700" ind1="1" ind2=" ">
    <subfield code="a">A&#x2BB;&#x1E93;am&#x12B;, Mu&#x1E25;ammad &#x1E24;asan,</subfield>
    <subfield code="e">ed.</subfield>
  </datafield>
  <datafield tag="999" ind1=" " ind2=" ">
    <subfield code="c">51096</subfield>
    <subfield code="d">51096</subfield>
  </datafield>
</record>
